00774nam a2200193 i 450000100060000000300090000600500170001500700030003200800410003510000410007624500890011726000590020630000290026550000580029471000570035285200320040999900170044195201220045870170ES-MaACL20230906170734.0t|040719s1964 sp ||||1| spa d1 aGarcía de Pedraza, Lorenzo.95448313aLa predicción del tiempo en el valle del Ebro / cpor Lorenzo García de Pedraza. aMadrid : b[s.n., c1964] (fGráf. Virgen de Loreto) a99 p. : bil. ; c24 cm. aPrecede al tít.: Servicio Meteorológico Nacional.1 aEspaña. bServicio Meteorológico Nacional.93981 aES-MaACLjC-27382 bR.56508 c70170d70170 00104070aATENEOMbATENEOMcDEPO2d2008-01-17eSCl0oC-27382p1073477r2023-02-23 00:00:00w2023-02-23yMONOGRAFIA